00623 a2200193 450000500170000000800410001701000140005802000220007203500130009403700180010704000180012508200110014324500610015426000410021527001200025630000220037665000120039870000190041020080819161555.0080819t xxu||||| |||| 00| 0 eng d aENG-84768 a8175244127c90.00 aEN-68301 bD.B.Act / Pub adplbEnglish  a796.91 aSkatingcedited by Narendra Kumarbskills and techniques aNew DelhibKhel Sahitya Kendrac2006 a7/26, Ansari Road, Darya Ganj,bNew DelhicDelhie110002k55190343, 42564726l42564726mkhelsahitya1@rediffmail.com a48 p.c21 cm (Hb) aSkating aNarendra Kumar